000
00219nam a2200097Ia 4500
005
20251222114357.0
008
251222s1900||||xx |||||||||||||| ||spa||
082
_a
DVD0110/O76/Ej.2
245
0
_a
Kung Fu Panda:
942
_c
DVD
999
_c
1491
_d
1491